Faktoring a forfaiting z daňového a účtovného aspektu
Právna úprava pohľadávky a postúpenia pohľadávky, pojmy faktoring a forfaiting v právnych normách. Podstata pravého faktoringu a forfaitingu, súvisiace pojmy. Typy a druhy faktoringu, forfaitingu, funkcie, ciele, využitie, rozdiely. K účtovaniu pohľadávky. Faktoring a forfaiting z hľadiska zákona o...
Enregistré dans:
| Auteur principal: | |
|---|---|
| Format: | Chapitre de livre |
| Langue: | slovaque |
| Sujets: | |
| Tags: |
Pas de tags, Soyez le premier à ajouter un tag!
|
MARC
| LEADER | 00000naa a2200000 4500 | ||
|---|---|---|---|
| 001 | 0168589 | ||
| 005 | 20231114103144.8 | ||
| 041 | 0 | |a slo | |
| 044 | |a SK | ||
| 245 | 1 | 0 | |a Faktoring a forfaiting z daňového a účtovného aspektu |c Lenka Martinová |
| 520 | |a Právna úprava pohľadávky a postúpenia pohľadávky, pojmy faktoring a forfaiting v právnych normách. Podstata pravého faktoringu a forfaitingu, súvisiace pojmy. Typy a druhy faktoringu, forfaitingu, funkcie, ciele, využitie, rozdiely. K účtovaniu pohľadávky. Faktoring a forfaiting z hľadiska zákona o dani z príjmov. | ||
| 610 | 2 | 0 | |a pohľadávky |
| 610 | 2 | 0 | |a faktoring |
| 610 | 2 | 0 | |a forfaiting |
| 610 | 2 | 0 | |a účtovanie |
| 610 | 2 | 0 | |a dane z príjmov |
| 610 | 2 | 0 | |a úpravy právne |
| 100 | 1 | |a Martinová, Lenka | |